NHPAU welcomes expanded remit (Record no. 82242)
[ view plain ]
| 000 -LEADER | |
|---|---|
| fixed length control field | 01850cad a22002175a 4500 |
| 001 - CONTROL NUMBER | |
| control field | L149660 |
| 008 - FIXED-LENGTH DATA ELEMENTS--GENERAL INFORMATION | |
| fixed length control field | 100406e20100401xxk 000 0 eng d |
| 035 ## - SYSTEM CONTROL NUMBER | |
| System control number | (Sirsi) u149660 |
| 041 0# - LANGUAGE CODE | |
| Language code of text/sound track or separate title | eng |
| 110 2# - MAIN ENTRY--CORPORATE NAME | |
| Corporate name or jurisdiction name as entry element | National Housing Planning Advice Unit |
| 9 (RLIN) | 5835 |
| 245 00 - TITLE STATEMENT | |
| Title | NHPAU welcomes expanded remit |
| Medium | [electronic resource] |
| 260 ## - PUBLICATION, DISTRIBUTION, ETC. | |
| Date of publication, distribution, etc. | 2010 |
| 490 ## - SERIES STATEMENT | |
| Series statement | National Housing Planning Advice Unit News Release |
| Volume/sequential designation | 1 April 2010 |
| 520 ## - SUMMARY, ETC. | |
| Summary, etc. | National Housing and Planning Advice Unit (NHPAU) in additional to its existing role, has taken on responsibility for working with local authorities and other organisations to promote a better understanding of how housing markets operate at the local and sub-regional level. Its extended role includes publishing advice on the additional housing that is needed to maintain or improve its affordability, advising on how housing requirements should be assessed at the sub-regional and local levels,advising on the consequences of different levels of provision and participating in the plan-making process at a strategic level as an independent expert body whose role is to help decision-takers understand the implications of the different options available to them and thus allow them to make better informed decisions. Conducting or commissioning research to fill gaps in the evidence base or build understanding of the market and key blockages where to do so would help the planning and delivery system for housing to operate more effectively and efficiently. |
| 590 ## - LOCAL NOTE (RLIN) | |
| Local note | KA NTK |
| 651 #4 - SUBJECT ADDED ENTRY--GEOGRAPHIC NAME | |
| Geographic name | England |
| Chronological subdivision | 886- |
| 690 ## - LOCAL SUBJECT ADDED ENTRY--TOPICAL TERM (OCLC, RLIN) | |
| Topical term or geographic name as entry element | PROPERTY-RESIDENTIAL PROPERTY-RESIDENTIAL PROPERTY MARKET |
| 690 ## - LOCAL SUBJECT ADDED ENTRY--TOPICAL TERM (OCLC, RLIN) | |
| Topical term or geographic name as entry element | ENVIRONMENT AND LAND CONSULTANCY-PLANNING AND DEVELOPMENT |
| 856 48 - ELECTRONIC LOCATION AND ACCESS | |
| Uniform Resource Identifier | <a href="https://www.communities.gov.uk/documents/507390/nhpau/pdf/1530949.pdf">https://www.communities.gov.uk/documents/507390/nhpau/pdf/1530949.pdf</a> |
| Public note | View this item free of charge at www.communities.gov.uk |
| 942 ## - ADDED ENTRY ELEMENTS (KOHA) | |
| Suppress in OPAC | 0 |
| Withdrawn status | Lost status | Source of classification or shelving scheme | Damaged status | Not for loan | Home library | Current library | Shelving location | Date acquired | Total Checkouts | Full call number | Barcode | Date last seen | Copy number | Price effective from | Koha item type |
|---|---|---|---|---|---|---|---|---|---|---|---|---|---|---|---|
| Dewey Decimal Classification | Virtual | Virtual | Online | 06/04/2010 | ONLINE PUBLICATION | 149660-2001 | 06/08/2019 | 1 | 06/08/2019 | Journal article |